| 000 | 00859nam a2200265Ia 4500 | ||
|---|---|---|---|
| 003 | OSt | ||
| 005 | 20221005070134.0 | ||
| 006 | a|||||r|||| 00| 0 | ||
| 007 | ta | ||
| 008 | 221004b |||||||| |||| 00| 0 eng d | ||
| 020 |
_a9783598223174 (hbk (Set)) _c23154.56 |
||
| 024 | _a91423 | ||
| 037 |
_b2659, 10/02/2009, Allied Publishers Pvt. Ltd. _cTextual |
||
| 040 |
_aCRL _cCRL _beng |
||
| 041 |
_2eng _aeng |
||
| 082 | _a26g, P7.1-.2 (2D) | ||
| 100 |
_aJanson Marlies Ed. _9605379 |
||
| 245 | 0 | _aWorld guide to Special Libraries | |
| 250 | _a8th | ||
| 260 |
_aMunchen _bK. G. Saur Germany _c2007 |
||
| 650 | _aLIBRARY SCIENCE | ||
| 700 |
_a Opitz Helmut Ed. _9605380 |
||
| 942 |
_h26g, P7.1-.2 (2D) _cTEXL _2cc |
||
| 999 |
_c975757 _d975757 |
||